| 000 | 00431nab a2200145Ia 4500 | ||
|---|---|---|---|
| 003 | ES-SlBCS | ||
| 005 | 20210601124449.0 | ||
| 008 | 140529s1995 xxu||||| |||| 00| 0 eng d | ||
| 041 | _aeng | ||
| 100 | 1 |
_aSiegel, Harvey _9139280 |
|
| 245 | 0 | 0 |
_aWhy Should Educators Care about Argumentation? _c Harvey Siegel |
| 650 | 0 | 4 |
_aEducadores _9127834 |
| 773 | 0 |
_tInformal Logic _gvol. 17, nº. 2, 1995, págs. 159-176 _wRev1403 |
|
| 942 | _cAR | ||
| 999 |
_c515226 _d515226 |
||